000 00341nam a2200157Ia 4500
100 _aPerry/William E
250 _a2
942 _cBK
654 _asoftware testing
245 _aEffective methods for software testing
260 _bJohn Wiley & Sons
_c2000
082 _a5.15
_bPER
300 _a812
546 _aENGLISH
999 _c30696
_d30696